Pensamiento numérico y algebraico e Historia de las Matemáticas y Educación Matemática (Record no. 181276)

MARC details
000 -CABECERA
campo de control de longitud fija 01601nab a2200301 a 4500
005 - FECHA Y HORA DE LA ÚLTIMA TRANSACCIÓN
campo de control 20250808121518.0
008 - ELEMENTOS DE LONGITUD FIJA--INFORMACIÓN GENERAL
campo de control de longitud fija 991125c2015 sp fr p o 000 0 spa d
035 ## - NÚMERO DE CONTROL DEL SISTEMA
Número de control de sistema UPN01000209175
040 ## - FUENTE DE LA CATALOGACIÓN
Centro catalogador/agencia de origen MX-MxUPN
Lengua de catalogación spa
Centro/agencia transcriptor MX-MxUPN
Normas de descripción aacr2
049 ## - COLECCIÓN
Colección ART-E
100 1# - ASIENTO PRINCIPAL--NOMBRE PERSONAL
Nombre de persona Lupiáñez Gómez, José Luis
100 1# - ASIENTO PRINCIPAL--NOMBRE PERSONAL
Filiación lupi@ugr.es
100 1# - ASIENTO PRINCIPAL--NOMBRE PERSONAL
Nombre de persona Puig Esteve, Luis
100 1# - ASIENTO PRINCIPAL--NOMBRE PERSONAL
Filiación luis.puig@uv.es
100 1# - ASIENTO PRINCIPAL--NOMBRE PERSONAL
Nombre de persona González Calero, José Antonio
245 10 - MENCIÓN DE TÍTULO
Título Pensamiento numérico y algebraico e Historia de las Matemáticas y Educación Matemática
506 0# - NOTA DE RESTRICCIONES AL ACCESO
Limitaciones de acceso Acceso abierto
520 3# - NOTA DE RESUMEN, ETC.
Sumario, etc. La constitución de la Sociedad Española de Investigación en Educación Matemática (SEIEM) trajo consigo la creación y consolidación de varios grupos de investigadores que vienen abordando sistemáticamente problemas de indagación relacionados con la Didáctica de la Matemática. Dos de esos grupos son “Pensamiento Numérico y Algebraico” e “Historia de las Matemáticas y Educación Matemática”. En este monográfico recogemos varios de los trabajos de investigación, que sobre esas dos temáticas, se presentaron en una reunión científica celebrada en Albacete en 2015.
653 0# - TERMINO DE INDIZACION - NO CONTROLADO
Término no controlado Educación matemática
653 0# - TERMINO DE INDIZACION - NO CONTROLADO
Término no controlado Historia matemática
653 0# - TERMINO DE INDIZACION - NO CONTROLADO
Término no controlado Historia de las matemáticas
653 0# - TERMINO DE INDIZACION - NO CONTROLADO
Término no controlado Pensamiento
773 ## - ENLACE AL DOCUMENTO FUENTE/ENTRADA DE REGISTRO ANFITRIÓN
Parte(s) relacionada(s) Vol. 30, no. 1 (2015), p. 1-7
Título Ensayos : revista de la Facultad de Educación de Albacete
Número Internacional Normalizado para Publicaciones Seriadas 2171-9098
856 4# - LOCALIZACIÓN Y ACCESO ELECTRÓNICOS
Identificador Uniforme del Recurso <a href="https://revista.uclm.es/index.php/ensayos/article/view/786">https://revista.uclm.es/index.php/ensayos/article/view/786</a>
902 ## - ELEMENTOS DE DATOS B LOCAL, LDB (RLIN)
Creó Gloria Jiménez/080825
905 ## - TIPO DE MATERIAL
Tipo de material Articulo
942 ## - ELEMENTOS DE PUNTO DE ACCESO ADICIONAL (KOHA)
Tipo de ítem Koha Artículo Electrónico
Holdings
Estado de retiro Estado de pérdida Estado dañado No para préstamo Código de colección Localización permanente Ubicación/localización actual Ubicación en estantería Fecha de adquisición Total de préstamos Fecha visto por última vez Identificador Uniforme del Recurso Precio válido a partir de Tipo de ítem Koha
        Acceso abierto Bib. Gregorio Torres Quintero Bib. Gregorio Torres Quintero En línea 08/08/2025   08/08/2025 https://revista.uclm.es/index.php/ensayos/article/view/786 08/08/2025 Artículo Electrónico